|
|
|
|
| LEADER |
00985nas a2200349 a 4500 |
| 001 |
000768437 |
| 003 |
CZ BrMZK |
| 005 |
20260213095633.0 |
| 007 |
ta |
| 008 |
050330c19729999njuar p 0 a0eng d |
| 020 |
|
|
|a 0-8379-1129-X
|q (2003)
|
| 022 |
|
|
|a 0083-9825
|
| 040 |
|
|
|a BOA001
|b cze
|
| 072 |
|
7 |
|a 929
|x Biografie
|2 Konspekt
|9 8
|
| 080 |
|
|
|a 929
|2 MRF
|
| 080 |
|
|
|a (031)929
|2 MRF
|
| 080 |
|
|
|a (058)
|2 MRF
|
| 222 |
|
0 |
|a Who's who in the world
|
| 245 |
0 |
0 |
|a Who's who in the world
|
| 260 |
|
|
|a Wilmette :
|b Marquis Who's Who,
|c 1972-^^^^
|
| 300 |
|
|
|a ^^^sv. ;
|c 30 cm
|
| 310 |
|
|
|a 1x ročně
|b 1995-
|
| 362 |
0 |
|
|a 1.vyd. (1971-72)-
|
| 500 |
|
|
|a Popsáno podle: 20. vyd. (2003)
|
| 500 |
|
|
|a Jednotlivé sv. mají ISBN
|
| 541 |
|
|
|c dar-r-u
|
| 650 |
0 |
7 |
|a osobnosti
|7 ph115615
|y 20. stol.
|2 czenas
|
| 655 |
|
7 |
|a biografické slovníky
|7 fd131906
|2 czenas
|
| 655 |
|
7 |
|a ročenky
|7 fd133307
|2 czenas
|
| 910 |
|
|
|a BOA001
|b 4-1132.773
|r 2003-
|s 20-
|
| 990 |
|
|
|a SE
|
| 991 |
|
|
|s SKRYTO odpis
|